Normal view
MARC view
- التكريتي، ناجي
Entry Personal Name
001 - CONTROL NUMBER
- control field: 15814
003 - CONTROL NUMBER IDENTIFIER
- control field: JO-AjAnu
005 - DATE AND TIME OF LATEST TRANSACTION
- control field: 20230606072825.0
008 - FIXED-LENGTH DATA ELEMENTS
- fixed length control field: 230606|| aca||aabn | a|a d
040 ## - CATALOGING SOURCE
- Original cataloging agency: JO-AjAnu
- Transcribing agency: JO-AjAnu
100 ## - HEADING--PERSONAL NAME
- Personal name: التكريتي، ناجي
670 ## - SOURCE DATA FOUND
- Source citation: Work cat.: (JO-AjAnu)8121: التكريتي، ناجي, author, الفلسفة السياسية عند ابن أبي الربيع مع تحقيق كتابه سلوك المالك في تدبير الممالك